Normal view
MARC view
- قصص مترجمة - بصمات الأصابع
Entry Topical Term
001 - CONTROL NUMBER
- control field: 9041
003 - CONTROL NUMBER IDENTIFIER
- control field: JO-AjAnu
005 - DATE AND TIME OF LATEST TRANSACTION
- control field: 20230606071745.0
008 - FIXED-LENGTH DATA ELEMENTS
- fixed length control field: 230606|| aca||aabn | a|a d
040 ## - CATALOGING SOURCE
- Original cataloging agency: JO-AjAnu
- Transcribing agency: JO-AjAnu
150 ## - HEADING--TOPICAL TERM
- Topical term or geographic name entry element: قصص مترجمة - بصمات الأصابع
670 ## - SOURCE DATA FOUND
- Source citation: Work cat.: (JO-AjAnu)4664: تأليف كريستي،أجاتا, author 9040, بصمات الأصابع